UFC: Most Post Fight Bonuses - Statistics

General Stats
  • This quiz has been taken 175 times
  • The average score is 9 of 19
Answer Stats
Country + Years Divisions Fight KO Sub Perf. Total Answer % Correct
IRE (2013-2021*) LW/FTW/WW 2 1 0 7 10 Conor McGregor
88%
BRA (2006-2020) MW/LHW 5 7 2 0 14 Anderson Silva
86%
BRA (2010-2021*) LW/FTW 3 0 3 12 18 Charles Oliveira
83%
USA (2011-2021*) LW 7 0 1 4 12 Dustin Poirier
74%
USA (2017-2021*) LW 6 0 0 4 10 Justin Gaethje
71%
USA (2012-2021*) FTW/LW 5 1 0 4 10 Max Holloway
69%
USA (2007-2021*) LW/WW 8 1 5 1 15 Nate Diaz
56%
USA (2011-2021*) LW 6 1 1 3 11 Tony Ferguson
54%
USA (2011-2021*) LW/WW 6 3 2 7 18 Donald Cerrone
52%
USA (2011-2021*) HW 3 1 0 5 9 Stipe Miocic
51%
USA (2008-2021*) LW 7 0 3 3 13 Jim Miller
45%
USA (2011-2018) FW/BW 3 1 1 4 9 Demetrious Johnson
44%
USA (2007-2021*) LW/FTW/BW 8 1 0 2 11 Frankie Edgar
40%
BRA (2007-2018) LHW/MW 3 4 0 2 9 Lyoto Machida
31%
BRA (2010-2021*) LW/FTW 8 1 0 1 10 Edson Barboza
26%
USA (2006-2021*) LW 6 0 3 1 10 Clay Guida
20%
USA (2007-2021*) FTW 6 3 0 1 10 Jeremy Stephens
14%
USA (2006-2021*) LW 7 1 6 1 15 Joe Lauzon
13%
USA (2000-2011) WW 6 1 3 0 10 Chris Lytle
6%
No matching quizzes found
Score Distribution
Percent of People with Each Score
Percentile by Number Answered
Your Score History
You have not taken this quiz